000
00456nam a2200145Ia 4500
008
100204s9999 xx 000 0 und d
082
_b
5192
100
_a
मयुरे सुरेश
245
_a
युकॅलिप्टस
260
_b
"पॉप्युलर प्रकाशन , मुंबई"
_c
1977
300
_a
96
630
_a
युकॅलिप्टस
730
_a
युकॅलिप्टस
942
_c
BOOK
999
_c
449819
_d
449816